| 000 | 00661nam a2200229 a 4500 | ||
|---|---|---|---|
| 001 | 13614 | ||
| 003 | BD-JhCC | ||
| 005 | 20240304081505.0 | ||
| 008 | 171128s2024 bg |||| ||a| 000 0 ben d | ||
| 020 | _a9789845028738 | ||
| 035 | _a(BD-JhCC)13614 | ||
| 040 |
_aBD-JhCC _dBD-JhCC |
||
| 041 | _abengali | ||
| 082 |
_a891.4415 _bISL 2024 |
||
| 100 | _aইসলাম, মারুফুল | ||
| 245 |
_aমন চন্দ্রকিরণ / _cমারুফুল ইসলাম । |
||
| 260 |
_aঢাকা : _bঅন্য প্রকাশ; _c2024. |
||
| 300 |
_a47 p. : _c22 cm. |
||
| 650 | _aBengali Poem. | ||
| 942 |
_2ddc _cBK |
||
| 999 |
_c13614 _d13614 |
||